| 000 | 00902nam a22002057a 4500 | ||
|---|---|---|---|
| 003 | OSt | ||
| 005 | 20160620105539.0 | ||
| 008 | 150407b xxu||||| |||| 00| 0 eng d | ||
| 040 | _cBMC | ||
| 082 | _a070.7284 | ||
| 100 | 1 |
_934345 _aLemus Rodríguez, Karen Xiomara |
|
| 245 | 1 | 0 |
_aPasantía en Canal 69 El Shaddai TV _b: Informe final _cKaren Xiomara Lemus Rodríguez |
| 260 |
_aSanta Ana (El Salvador) _bUniversidad Católica de El Salvador _c2012 |
||
| 300 |
_a1 folleto (27 h.) _bil. col _c28 cm _e+ 1 disco compacto |
||
| 500 | _aPrecede al tít.: Universidad Católica de El Salvador, Facultad de Ciencias y Humanidades | ||
| 502 | _aPara optar al grado académico de Licenciatura en Periodismo y Comunicación Audiovisual | ||
| 650 | 2 | 4 |
_93207 _aPeriodismo _zEl Salvador |
| 710 | 2 |
_91075 _aUniversidad Católica de El Salvador _bFacultad de Ciencias y Humanidades |
|
| 942 |
_2ddc _cTG _hprozim |
||
| 999 |
_c20903 _d20903 |
||